Albert Einstein Quiz - Statistiken

Allgemein
  • Dieses Quiz wurde 69 mal gespielt
  • Das Durchschnittsergebnis liegt bei 6 aus 19
Antwortstatistiken
Hinweis Antwort % Korrekt
Land, in dem Einstein geboren wurde Deutschland
100%
Einstein wurde 1940 Staatsbürger dieses Landes Vereinigte Staaten
71%
Musikinstrument, das er spielte Violine
69%
Wofür E in der Gleichung steht: E = mc2 Energie
53%
Was stahl Albert Einsteins Patologe nach seinem Tod? Sein Gehirn
46%
Wofür c in derselben Gleichung steht Lichtgeschwindigkeit
41%
Einsteins Theorie, die die Schwerkraft als eine Eigenschaft von Raum und Zeit beschreibt {Allgemeine} Relativitätstheorie
39%
Projekt, das durch einen Brief Einsteins an Roosevelt im Jahr 1939 ins Leben gerufen wurde {Manhattan}-Projekt
31%
Seine Arbeit über diesen Effekt brachte ihm den Nobelpreis ein {Foto}elektrischer Effekt
27%
Einsteins Theorie über die Beziehung zwischen Raum und Zeit {Spezielle} Relativitätstheorie
27%
Job, den er von 1902-1909 hatte {Patent}-Prüfer
25%
Das Jahr 1905 gilt als Einsteins „annus mirabilis“, in dem er vier Bücher veröffentlichte bahnbrechende wissenschaftliche Arbeiten. Was bedeutet „annus mirabilis“? Wunderjahr
25%
Einstein lehnte 1952 ein Angebot ab, Präsident dieses Landes zu werden Israel
24%
Einstein-Zitat, das seinen Widerstand gegen die Quantenmechanik zum Ausdruck bringt Gott spielt keine {Würfel}
20%
Stadt, in der er in diesen Jahren lebte Bern
19%
Ein Krieg, der laut Einstein mit Stöcken und Steinen geführt wird 4. Weltkrieg
8%
Später im Leben datierte Einstein mit Margarita Konenkova, einer sowjetischen ___ Spionin
8%
Beziehung Einsteins zu seiner zweiten Frau Elsa Löwenthal Cousine
7%
Institut, an dem er von 1933–1955 arbeitete Institut für {Fortgeschrittene} Studien
2%
Keine übereinstimmenden Quizze gefunden
Verteilung der Resultate
Anzahl Personen mit jedem Resultat
Perzentil nach korrekt beantworteten Fragen
Ihre Resultats-Entwicklung
Sie haben dieses Quiz noch nicht gespielt